MEDICAL EMERJENSIJ (Record no. 11480)

MARC details
000 -LEADER
fixed length control field 00288nam a22001337a 4500
003 - CONTROL NUMBER IDENTIFIER
control field SGT
082 ## - DEWEY DECIMAL CLASSIFICATION NUMBER
Classification number 617.60
Item number M08C
100 ## - MAIN ENTRY--PERSONAL NAME
Personal name CHAUHAN, JAHAN SINGH
245 ## - TITLE STATEMENT
Title MEDICAL EMERJENSIJ
260 ## - PUBLICATION, DISTRIBUTION, ETC. (IMPRINT)
Place of publication, distribution, etc VARANSI
Name of publisher, distributor, etc CHAUKHAMBHA PUB
Year of Publication 2008
300 ## - PAGE DESCRIPTION
No. of Pages 472
650 ## - SUBJECT ADDED ENTRY--TOPICAL TERM
Topical term or geographic name as entry element AYURVEDA
942 ## - ADDED ENTRY ELEMENTS (KOHA)
Source of classification or shelving scheme Dewey Decimal Classification
Koha item type Books
Holdings
Withdrawn status Lost status Source of classification or shelving scheme Damaged status Not for loan Collection code Home library Current library Shelving location Date acquired Vendor Name Cost, normal purchase price SGTU Bill Number Total Checkouts Full call number Accession No. (Barcode) Date last seen Bill Date Koha item type
    Dewey Decimal Classification     AYURVEDA SGT FA-FP Library SGT FA-FP Library Text Book 12/04/2017 CHAUKHAMBHA PUB 250.00 SGTU 55/17-18   617.60 M08C FA6321 12/04/2017 06/04/2017 Books
    Dewey Decimal Classification     AYURVEDA SGT FA-FP Library SGT FA-FP Library Text Book 12/04/2017 CHAUKHAMBHA PUB 250.00 SGTU 55/17-18   617.60 M08C FA6322 12/04/2017 06/04/2017 Books
    Dewey Decimal Classification     AYURVEDA SGT FA-FP Library SGT FA-FP Library Text Book 12/04/2017 CHAUKHAMBHA PUB 250.00 SGTU 55/17-18   617.60 M08C FA6323 12/04/2017 06/04/2017 Books
    Dewey Decimal Classification     AYURVEDA SGT FA-FP Library SGT FA-FP Library Text Book 12/04/2017 CHAUKHAMBHA PUB 250.00 SGTU 55/17-18   617.60 M08C FA6324 12/04/2017 06/04/2017 Books
    Dewey Decimal Classification     AYURVEDA SGT FA-FP Library SGT FA-FP Library Text Book 12/04/2017 CHAUKHAMBHA PUB 250.00 SGTU 55/17-18   617.60 M08C FA6325 12/04/2017 06/04/2017 Books